Travis Scott - Top 25 najczęściej odtwarzanych piosenek - Statystyki

Ogólne statystyki
  • Ten quiz został rozwiązany 167 razy
  • Średni wynik to 15 z 25
Statystyki odpowiedzi
Hint Odpowiedź % Poprawnych
ASTROWORLD SICKO MODE
96%
UTOPIA FE!N
89%
BITTSM goosebumps
89%
ASTROWORLD BUTTERFLY EFFECT
83%
JACKBOYS OUT WEST
78%
Singiel HIGHEST IN THE ROOM
76%
UTOPIA MY EYES
76%
Rodeo 90210
74%
ASTROWORLD STARGAZING
72%
Rodeo Nightcrawler
69%
Rodeo Antidote
61%
ASTROWORLD SKELETONS
59%
ASTROWORLD CAN'T SAY
58%
ASTROWORLD ASTROTHUNDER
57%
UTOPIA I KNOW ?
57%
UTOPIA MELTDOWN
57%
JACKBOYS GATTI
55%
UTOPIA TELEKINESIS
53%
ASTROWORLD 5% TINT
49%
ASTROWORLD YOSEMITE
48%
BITTSM pick up the phone
46%
BITTSM sdp interlude
40%
Singiel THE SCOTTS
38%
ASTROWORLD NO BYSTANDERS
36%
BITTSM beibs in the trap
29%
Nie znaleziono quizów pasujących do podanych kryteriów
Rozkład punktacji
Procent ludzi z każdym wynikiem
Percentyl według liczby udzielonych odpowiedzi
Twoja historia wyników
Nie rozwiązałeś tego quizu